Welcome to the Holygrace Academy Library

Please use search bar below to get started

ZOEY 101 (Record no. 2343)

MARC details
000 -LEADER
fixed length control field 00565nam a22001457a 4500
020 ## - INTERNATIONAL STANDARD BOOK NUMBER
ISBN 0-439-79665-2
082 ## - DEWEY DECIMAL CLASSIFICATION NUMBER
Classification number 823
Item number MAS/Z
100 ## - MAIN ENTRY--AUTHOR NAME
Personal name MASON, JANE
245 ## - TITLE STATEMENT
Title ZOEY 101
Remainder of title GIRLS GOT GAME!
260 ## - PUBLICATION, DISTRIBUTION, ETC. (IMPRINT)
Place of publication UNITED STATES
Name of publisher SCHOLASTIC INC
Year of publication 2005
300 ## - PHYSICAL DESCRIPTION
Number of Pages 110
520 ## - SUMMARY, ETC.
Summary, etc It's a story of "firsts"-- Zoey Brooks' first day as a member of the first class at PCA to include girls; her first struggles with her "could the be more opposite?" roommates, and her first tryouts for the formerly all-boys basketball team.
650 ## - SUBJECT ADDED ENTRY--TOPICAL TERM
Topical Term NOVEL
Geographic subdivision UNITED STATES
942 ## - ADDED ENTRY ELEMENTS (KOHA)
Koha item type Books
Holdings
Withdrawn status Lost status Collection code Home library Current library Shelving location Date acquired Source of acquisition Cost, normal purchase price Full call number Accession Number Koha item type
    Reference Main Library Main Library SHELF 1-J-ENGLISH NOVELS FOR TEACHERS 29/01/2019 purchase 30.00 823 MAS/Z 10764 Books